| 000 | 01063nam a22003017a 4500 | ||
|---|---|---|---|
| 003 | CHAP | ||
| 005 | 20220329135956.0 | ||
| 008 | 971013s1837 r 00010 d | ||
| 010 | _a44999 | ||
| 011 | _a45971 | ||
| 035 | _a50111 | ||
| 040 | _cCHAP | ||
| 082 |
_a581.1 _bR3 |
||
| 100 | 0 | 0 |
_aRaspail, Francois Vincent. _994723 |
| 245 | _aNouveaux systeme de physiologie végétale et de botanique, fondé sur les méthodes d'observations qui ont été développées dans le nouveau systéme de chimie organique | ||
| 260 |
_aBruxelles : _bSociété Typographique Belge, _c1837 |
||
| 300 | _a450 p. XLVII p. 60 láms. | ||
| 590 |
_aBATCH-UPD _b10 _c20130110 _lUCH01 _h0132 |
||
| 590 |
_aBATCH-UPD _b10 _c20130110 _lUCH01 _h1647 |
||
| 590 |
_aBATCH-UPD _b10 _c20130410 _lUCH01 _h1037 |
||
| 590 |
_aBATCH-UPD _b10 _c20130914 _lUCH01 _h0732 |
||
| 590 |
_aCONVERSION _b10 _c20130109 _lUCH01 _h1325 |
||
| 650 | 1 | 4 |
_aBotánica. _914477 |
| 650 | 1 | 4 |
_aFisiología vegetal. _941136 |
| 901 | _aBK | ||
| 942 | _cLIBRO | ||
| 949 |
_a581.1 R3 _bBC _cBPP _d-112744 _eBPP _h9267 _i50111 _si |
||
| 999 |
_c44999 _d44999 |
||